000 00554nam a22001697a 4500
005 20231113093907.0
008 231113b |||||||| |||| 00| 0 eng d
020 _a9780639002569 ; 9780639002576
041 _aEnglish
082 _a345.5 ROE
100 _aRoelofse, C and Gumbi, C
_lEnglish
245 _aPolicing in South Africa Past and Present /
_cC Roelofse and C Gumbi
260 _aDurban :
_bLexisNexis (Pty) Ltd,
_c2018
300 _bxv, 481 pages ;
_c25 cm.
650 _aLegal practice
_bLaw
942 _cBK
_6ALISON_BN_VRIES
999 _c552
_d552